| 000 | 00361nam a2200145Ia 4500 | ||
|---|---|---|---|
| 005 | 20250729165804.0 | ||
| 008 | 250729s2007 xx 000 0 und d | ||
| 041 | _aeng | ||
| 082 | _a299.936 HUBR | ||
| 100 |
_aHubbard L Ron _9233043 |
||
| 245 | _aSelf analysis | ||
| 260 |
_aDenmark _bNew Era Publication _c2007 |
||
| 300 | _a373p | ||
| 650 |
_aReligion _9233044 |
||
| 999 |
_c240084 _d240084 |
||